|
|
|
|
| LEADER |
00000nab#a22000007a#4500 |
| 001 |
arbauad038171 |
| 003 |
AR-BaUAD |
| 005 |
20250711113006.0 |
| 008 |
990715|||||||||###||||||b###|0###a|spa|| |
| 040 |
|
|
|a AR-BaUAD
|c AR-BaUAD
|b spa
|
| 245 |
1 |
0 |
|a Dizionario di architettura del paesaggio
|
| 300 |
0 |
|
|b fot., il.
|
| 500 |
|
|
|a Sección compuesta por pequeñas notas.
|
| 653 |
|
|
|a DISEÑO DEL PAISAJE
|
| 653 |
|
|
|a PAISAJISMO
|
| 653 |
|
|
|a JARDINES
|
| 653 |
|
|
|a ARTE TOPIARIO
|
| 653 |
|
|
|a HOGARTH, WILLIAM
|
| 653 |
|
|
|a HOSKINS, WILLIAM G.
|
| 653 |
|
|
|a HOWARD, EBENEZER
|
| 653 |
|
|
|a HUMAYUN
|
| 653 |
|
|
|a PARQUES URBANOS
|
| 653 |
|
|
|a XILOGRAFIA
|
| 653 |
|
|
|a BOTANICA
|
| 653 |
|
|
|a CULTIVOS
|
| 653 |
|
|
|a INDIA
|
| 653 |
|
|
|a INGENIERIA AMBIENTAL
|
| 653 |
|
|
|a INGLATERRA
|
| 653 |
|
|
|a REINO UNIDO
|
| 653 |
|
|
|a ESPACIOS VERDES
|
| 653 |
|
|
|a PAISAJES
|
| 773 |
0 |
|
|t VILLE GIARDINI
|g no. 309 [dic. 1995], p. 84-90
|
| 942 |
|
|
|c ARTI
|
| 952 |
|
|
|0 0
|1 0
|4 0
|7 0
|9 83090
|a AR-BAuAD
|b AR-BAuAD
|d 2025-07-11
|l 0
|p AAQA038171
|r 2025-07-11 11:30:06
|w 2025-07-11
|y ARTI
|
| 990 |
|
|
|a P199
|b TD
|
| 998 |
|
|
|a AAQ
|b BIBUN76
|
| 999 |
|
|
|c 62763
|d 62763
|